Динамика радиационных процессов в высоковольтных керамиках при воздействии потоками гамма-квантов и электронов; Физико-технические проблемы в науке, промышленности и медицине (ФТПНПМ-2019)

Podrobná bibliografie
Parent link:Физико-технические проблемы в науке, промышленности и медицине (ФТПНПМ-2019).— 2019.— [С. 170-171]
Korporace: Национальный исследовательский Томский политехнический университет Инженерная школа неразрушающего контроля и безопасности Испытательный центр Лаборатория испытаний на радиационную электризацию, Национальный исследовательский Томский политехнический университет Школа базовой инженерной подготовки Отделение естественных наук
Další autoři: Владимиров А. М. Александр Михайлович, Смекалин Л. Ф. Леонид Федорович, Лукащук А. А. Андрей Александрович, Смекалина Т. В. Татьяна Владимировна
Shrnutí:Заглавие с экрана
Jazyk:ruština
Vydáno: 2019
Edice:Радиационные и пучково-плазменные технологии в науке, технике и медицине
Témata:
On-line přístup:http://earchive.tpu.ru/handle/11683/56813
Médium: MixedMaterials Elektronický zdroj Kapitola
KOHA link:https://koha.lib.tpu.ru/cgi-bin/koha/opac-detail.pl?biblionumber=630391

MARC

LEADER 00000naa2a2200000 4500
001 630391
005 20240212091229.0
035 |a (RuTPU)RU\TPU\conf\31386 
035 |a RU\TPU\conf\31384 
090 |a 630391 
100 |a 20191030d2019 k y0rusy50 ca 
101 0 |a rus 
102 |a RU 
105 |a y z 101zy 
135 |a drgn ---uucaa 
181 0 |a i  
182 0 |a b 
200 1 |a Динамика радиационных процессов в высоковольтных керамиках при воздействии потоками гамма-квантов и электронов  |f А. М. Владимиров [и др.] 
203 |a Текст  |c электронный 
225 1 |a Радиационные и пучково-плазменные технологии в науке, технике и медицине 
300 |a Заглавие с экрана 
320 |a [Библиогр.: с. 171 (6 назв.)] 
463 0 |0 (RuTPU)RU\TPU\conf\30850  |t Физико-технические проблемы в науке, промышленности и медицине (ФТПНПМ-2019)  |o сборник научных трудов Международной научно-практической конференции студентов, аспирантов и молодых ученых, г. Томск, 30 сентября - 04 октября 2019 г.  |f Национальный исследовательский Томский политехнический университет (ТПУ) ; под ред. А. Г. Горюнова [и др.]  |v [С. 170-171]  |d 2019 
610 1 |a труды учёных ТПУ 
610 1 |a электронный ресурс 
610 1 |a динамика 
610 1 |a радиационные процессы 
610 1 |a высоковольтная керамика 
610 1 |a потоки 
610 1 |a гамма-кванты 
610 1 |a электроны 
610 1 |a электропроводность 
701 1 |a Владимиров  |b А. М.  |c физик  |c инженер Томского политехнического университета  |f 1988-  |g Александр Михайлович  |3 (RuTPU)RU\TPU\pers\37434  |9 20321 
701 1 |a Смекалин  |b Л. Ф.  |c физик  |c ведущий инженер Томского политехнического университета  |f 1958-  |g Леонид Федорович  |3 (RuTPU)RU\TPU\pers\34900 
701 1 |a Лукащук  |b А. А.  |c физик  |c ведущий инженер Томского политехнического университета  |f 1966-  |g Андрей Александрович  |3 (RuTPU)RU\TPU\pers\34898 
701 1 |a Смекалина  |b Т. В.  |c физик  |c старший преподаватель Томского политехнического университета  |f 1961-  |g Татьяна Владимировна  |3 (RuTPU)RU\TPU\pers\28215  |9 13169 
712 0 2 |a Национальный исследовательский Томский политехнический университет  |b Инженерная школа неразрушающего контроля и безопасности  |b Испытательный центр  |b Лаборатория испытаний на радиационную электризацию  |3 (RuTPU)RU\TPU\col\23582 
712 0 2 |a Национальный исследовательский Томский политехнический университет  |b Школа базовой инженерной подготовки  |b Отделение естественных наук  |3 (RuTPU)RU\TPU\col\23562 
801 2 |a RU  |b 63413507  |c 20191112  |g RCR 
856 4 |u http://earchive.tpu.ru/handle/11683/56813 
942 |c BK